Statistics for Science - Electricity

Click here to take the quiz!

General Stats

  • This quiz has been taken 888 times
  • The average score is 5 of 8

Answer Stats

HintAnswer% Correct
A measure of electric currentAmps
94%
Stores chemical energyBattery
77%
The flow of electronsCurrent
73%
A course that electrons can go roundCircuit
71%
Also called potential differenceVoltage
62%
Reduces the currentResistor
61%
A circuit that branches offParallel
54%
A circuit where everything is connected in one branchSeries
54%

Score Distribution

Percentile by Number Answered

Percent of People with Each Score

Your Score History

You have not taken this quiz